| 000 | 00407nam a2200157Ia 4500 | ||
|---|---|---|---|
| 008 | 221030s9999 xx 000 0 und d | ||
| 020 | _a0070604851 | ||
| 041 | _aEnglish | ||
| 082 |
_a105.23 _bBal |
||
| 100 | _aV. K. Balakrishanan | ||
| 245 | 0 |
_aSchaum`s Theory & Problems of Combinatorics _cby V. K. Balakrishanan |
|
| 260 |
_bTMH _aNew Delhi _c2005 |
||
| 300 | _a200 | ||
| 650 | _aMCA Maths | ||
| 942 | _cBK | ||
| 999 |
_c2587 _d2587 |
||